01116nam a2200193Ia 4500001000900000003001000009008004100019040002500060041001300085100002100098245003600119250001100155260008100166300001200247500026000259501011400519520026000633650002900893L010-144IT-CnALBA170116s9999||||xx |||||||||||||| ||und|| aIT-CnALBAcIT-CnALBA aITALIANO aBERRUTI GIUSEPPE 0aBIBLIOGRAFIA MARIANA 1952-1957  a1a ed. aROMAbEDIZIONI MARIANUM ROMA'c1959 [1° Ed.:1959 - Ed.Ling.Originale: 1959] a356 p.  aBIBLIOGRAFIA. BIBLIOTECONOMIA. TRATTAZIONI SISTEMATICHE. INTRODUZIONE ALLA MARIOLOGIA. MARIOLOGIA: MAGISTERO ECCLESIASTICO, SACRA SCRITTURA, STUDI E TESTI DELLA TRADIZIONE, PREDESTINAZIONEIMMACOLATA CONCEZIONE. MARIA SS.: PRIVILEGI E ATTRIBUTI VARI, MATER aSocietà San Paolo EM - Piazza San Paolo, 14 - 12051 ALBA (CN) (non commercial uses only) ® Copyright 2017 aBIBLIOGRAFIA. BIBLIOTECONOMIA. TRATTAZIONI SISTEMATICHE. INTRODUZIONE ALLA MARIOLOGIA. MARIOLOGIA: MAGISTERO ECCLESIASTICO, SACRA SCRITTURA, STUDI E TESTI DELLA TRADIZIONE, PREDESTINAZIONEIMMACOLATA CONCEZIONE. MARIA SS.: PRIVILEGI E ATTRIBUTI VARI, MATER aBIBLIOGRAFIE E CATALOGHI